Správa o poľnohospodárstve a potravinárstve v Slovenskej republike za rok 2016 (Zelená správa)

Salvato in:
Dettagli Bibliografici
Ente Autore: Ministerstvo pôdohospodárstva a rozvoja vidieka Slovenskej republiky
Natura: Libro
Lingua:slovacco
Pubblicazione: Bratislava Národné poľnohospodárske a potravinárske centrum 2017
Soggetti:
Tags: Aggiungi Tag
Nessun Tag, puoi essere il primo ad aggiungerne!!

MARC

LEADER 00000nam a2200000 4500
001 0239825
005 20240221115048.7
020 |a 978-80-8058-618-8 
041 0 |a slo 
044 |a SK 
245 1 0 |a Správa o poľnohospodárstve a potravinárstve v Slovenskej republike za rok 2016  |b (Zelená správa) 
264 1 |a Bratislava  |b Národné poľnohospodárske a potravinárske centrum  |c 2017 
300 |a 78 s. 
610 2 0 |a poľnohospodárstvo 
610 2 0 |a potravinárstvo 
610 2 0 |a pôdohospodárstvo 
610 2 0 |a výkonnosť ekonomiky 
610 2 0 |a výroba poľnohospodárska 
610 2 0 |a podnik poľnohospodársky 
610 2 0 |a osoby právnické 
610 2 0 |a úver bankový 
610 2 0 |a výsledok hospodársky 
610 2 0 |a roľníci jednotlivo hospodáriaci 
610 2 0 |a pôda poľnohospodárska 
610 2 0 |a vlastníctvo 
610 2 0 |a zamestnanosť 
610 2 0 |a mzdy priemerné 
610 2 0 |a produkcia hrubá 
610 2 0 |a výrobky rastlinné 
610 2 0 |a výrobky živočíšne 
610 2 0 |a ceny 
610 2 0 |a potraviny 
610 2 0 |a výroba priemyselná 
610 2 0 |a spotreba 
610 2 0 |a značky kvality 
610 2 0 |a rozvoj vidieka 
610 2 0 |a rozvoj regionálny 
610 2 0 |a obchod zahraničný 
610 2 0 |a porovnanie štatistické medzinárodné 
610 2 0 |a Slovensko 
710 2 |a Ministerstvo pôdohospodárstva a rozvoja vidieka Slovenskej republiky